Library Banner

Echo made easy / (Record no. 130028)

MARC details
000 -LEADER
fixed length control field 00645cam a2200229 i 4500
001 - CONTROL NUMBER
control field 19506872
005 - DATE AND TIME OF LATEST TRANSACTION
control field 20230111090158.0
008 - FIXED-LENGTH DATA ELEMENTS--GENERAL INFORMATION
fixed length control field 170221s2017 ii a 001 0 eng
020 ## - INTERNATIONAL STANDARD BOOK NUMBER
International Standard Book Number 9789386150202
020 ## - INTERNATIONAL STANDARD BOOK NUMBER
International Standard Book Number 9386150204
040 ## - CATALOGING SOURCE
Transcribing agency PK-LaUMT
082 00 - DEWEY DECIMAL CLASSIFICATION NUMBER
Classification number 616.1207543
Edition number 23
Item number LUT-E
100 1# - MAIN ENTRY--PERSONAL NAME
Personal name Luthra, Atul
245 10 - TITLE STATEMENT
Title Echo made easy /
Statement of responsibility, etc by Atul Luthra
250 ## - EDITION STATEMENT
Edition statement 4th ed.
260 ## - PUBLICATION, DISTRIBUTION, ETC. (IMPRINT)
Place of publication, distribution, etc New Delhi :
Name of publisher, distributor, etc The Health Sciences Publishers,
Date of publication, distribution, etc 2017
300 ## - PHYSICAL DESCRIPTION
Extent xvi, 260 p. :
Other physical details illustrations ;
Dimensions 18 cm +
Accompanying material 1 CD-ROM (4 3/4 in.)
500 ## - GENERAL NOTE
General note Includes index.
650 #0 - SUBJECT ADDED ENTRY--TOPICAL TERM
Topical term or geographic name as entry element Echocardiography.
700 1# - ADDED ENTRY--PERSONAL NAME
Personal name Kaddoura, Sam.
942 ## - ADDED ENTRY ELEMENTS (KOHA)
Koha item type Books
Holdings
Withdrawn status Lost status Damaged status Home library Current library Date acquired Full call number Barcode Date last seen Price effective from Koha item type
      UMT Health Sciences Campus UMT Health Sciences Campus 2023-01-11 616.1207543 LUT-E 144417 2025-08-21 2023-01-11 Books